Introduction à la géopolitique (notice n° 2198377)
[ vue normale ]
| 000 -LEADER | |
|---|---|
| fixed length control field | 01524cam a2200145 4500500 |
| 005 - DATE AND TIME OF LATEST TRANSACTION | |
| control field | 20260405085536.0 |
| 041 ## - LANGUAGE CODE | |
| Language code of text/sound track or separate title | fre |
| 042 ## - AUTHENTICATION CODE | |
| Authentication code | dc |
| 100 10 - MAIN ENTRY--PERSONAL NAME | |
| Personal name | Cattaruzza, Amaël |
| Relator term | author |
| 245 00 - TITLE STATEMENT | |
| Title | Introduction à la géopolitique |
| 260 ## - PUBLICATION, DISTRIBUTION, ETC. | |
| Name of publisher, distributor, etc. | Armand Colin,<br/> |
| Date of publication, distribution, etc. | 2023.<br/> |
| 520 ## - SUMMARY, ETC. | |
| Summary, etc. | Si la géopolitique est devenue un terme à la mode et constitue aujourd'hui une grille de lecture du monde indispensable, elle désigne avant tout un savoir géographique : l'étude de l'espace politique et de ses enjeux. Elle repose ainsi sur des méthodes et des notions précises (acteurs, territoires, rivalités de pouvoir) qui permettent d'éclairer les grandes thématiques contemporaines (frontières, identités, guerres, environnement, cyberespace). Cet ouvrage propose l'ensemble des connaissances nécessaires pour s'initier au raisonnement géopolitique. Il s'organise en trois temps forts : - INTRODUCTION : questions essentielles, objectifs de connaissances par chapitre, grille d'analyse géopolitique, lectures indispensables et notions clés à maîtriser. - COURS : savoirs fondamentaux assortis d'exemples localisés, de définitions et de focus thématiques, d'une page d'entraînement et d'une étude de cas mobilisant des documents géographiques. - METHODES : méthodologie détaillée de chaque type d'exercice, avec son application commentée. |
| 700 10 - ADDED ENTRY--PERSONAL NAME | |
| Personal name | Limonier, Kévin |
| Relator term | author |
| 856 41 - ELECTRONIC LOCATION AND ACCESS | |
| Uniform Resource Identifier | <a href="https://shs.cairn.info/introduction-a-la-geopolitique--9782200636296?lang=fr&redirect-ssocas=7080">https://shs.cairn.info/introduction-a-la-geopolitique--9782200636296?lang=fr&redirect-ssocas=7080</a> |
Pas d'exemplaire disponible.




Réseaux sociaux